000 00476nam a2200193 a 4500
001 1763019238012
003 YourLibrary
005 20251114111525.0
008 251113s1996##################000#0#eng##
020 _a9780679761044
082 0 4 _a895.6344KAW
100 1 _aKawabata, Yasunari,
_eauthor.
245 1 0 _aSnow Country :
260 _bVintage,
_c1996.
300 _a196 pages
650 0 _aFiction.
942 _cENGLISH
040 _aYourLibrary
_beng
_cYourLibrary
999 _c597480
_d597480